000 00859nam a2200241Ia 4500
003 GCL
008 140319s9999 xx 000 0 ara d
020 _a3404293977
040 _aGCL /
_cGCL
082 0 4 _aق
_b920.7
_bل م
100 1 _aلمعى المطيعى
245 1 0 _aموسوعة 1000 شخصية مصرية /
_cلمعى المطيعى
250 _aالاولى
260 _aالقاهرة :
_bمكتبة الدار العربية للكتاب ،
_c2006
300 _a600 ص ؛
_c24 سم
650 0 4 _aالرجال - تراجم
650 0 4 _aالنساء - تراجم
650 0 4 _aالسياسيون المصريون - تراجم
650 0 4 _aالادباء المصريون - تراجم
650 0 4 _aالمفكرون المصريون - تراجم
650 0 4 _aالموسيقيون المصريون - تراجم
942 _2ddc
_cBK
999 _c9875
_d9875